Poder político y comportamiento electoral: análisis de una muestra de votantes costarricenses ante las elecciones presidenciales de 1986 /
Estudia el comportamiento político-electoral del costarricense, mediante el análisis estadístico de los datos recabados en una encuesta. Establece la relación entre las preferencias electorales y las siguientes variables: características socio-demográficas, comportamiento informativo, creencias elec...
Furkejuvvon:
| Váldodahkki: | |
|---|---|
| Eará dahkkit: | |
| Materiálatiipa: | Girji |
| Giella: | Spanish |
| Fáttát: | |
| Fáddágilkorat: |
Lasit fáddágilkoriid
Eai fáddágilkorat, Lasit vuosttaš fáddágilkora!
|
MARC
| LEADER | 00000nam a2200000 4500 | ||
|---|---|---|---|
| 003 | cru IIS | ||
| 005 | 20210804110104.0 | ||
| 008 | 210804b |||||||| |||| 00| 0 spa d | ||
| 040 | |c cru IIS | ||
| 100 | 1 | |9 9404 |a Jensen Pennington, Henning |e Autor | |
| 245 | 1 | |a Poder político y comportamiento electoral: |b análisis de una muestra de votantes costarricenses ante las elecciones presidenciales de 1986 / |c Henning Jensen Pennington, Ramón González | |
| 300 | |a páginas 99-110 : |b tablas | ||
| 500 | |a Colección Centroamérica | ||
| 520 | |a Estudia el comportamiento político-electoral del costarricense, mediante el análisis estadístico de los datos recabados en una encuesta. Establece la relación entre las preferencias electorales y las siguientes variables: características socio-demográficas, comportamiento informativo, creencias electorales, perfil político de campaña e influencia de los medios de persuasión. Además, todo lo anterior se relaciona con las aptitudes hacia las instituciones democráticas del país. CEM/mb | ||
| 650 | 0 | |9 3691 |a POLITICA | |
| 650 | 0 | |9 306 |a ELECCIONES | |
| 650 | 0 | |9 3795 |a VOTACION | |
| 650 | 4 | |9 3207 |a PARTICIPACION POLITICA | |
| 650 | 0 | |9 1857 |a PUBLICACIONES INSTITUTO DE INVESTIGACIONES SOCIALES-UCR | |
| 651 | 0 | |9 32 |a COSTA RICA | |
| 700 | 1 | |9 10056 |a González, Ramón |e Autor | |
| 773 | 0 | |0 18765 |9 5816 |a Universidad de Costa Rica. |d San José, Costa Rica: Editorial Universidad de Costa Rica, 1974- |o 04052 |t Anuario de Estudios Centroamericanos / |x 03777316 | |
| 942 | |2 ddc |c PP | ||
| 999 | |c 43803 |d 43803 | ||
